000 01032nam a2200253Ia 4500
003 OSt
005 20220930094700.0
006 a|||||r|||| 00| 0
007 ta
008 220926b |||||||| |||| 00| 0 hin d
024 _a121464
037 _cTheses
040 _aCRL
_cCRL
_bhin
041 _2hin
_ahin
100 _aकौशिक, गिरीराज किशोरी, ले.
110 _aदिल्ली विश्वविद्यालय. संकाय कला. हिन्दी विभाग
245 0 _aहिन्दी काव्य में नखशिख - वर्णन
246 _aHindī kāvya mean nakhashikh - varṇana
300 _a364पृ0
_ap.
_ccm.
650 _aहिन्दी साहित्य
700 _aदिल्ली विश्वविद्यालय. संकाय कला. हिन्दी विभाग
942 _cDIS
_2CC
999 _c887503
_d887503